[Event "ODJM C 2024"]
[Site "Willingen GER"]
[Date "2024.05.20"]
[Round "3"]
[White "Wilting, Oskar"]
[Black "Betz, Niclas"]
[Result "0-1"]
[Termination "normal"]
[Board "7"]
[WhiteElo "1503"]
[BlackElo "1658"]
[WhiteClock "01:09:06"]
[BlackClock "01:30:17"]
[PlyCount "54"]
[WhiteFideId "34640053"]
[BlackFideId "34616748"]
[EventCountry "GER"]
[EventRounds "9"]
[EventType "swiss"]
[EventDate "2024.05.18"]

1. d4 {[%clk 01:30:57]} {[%emt 00:00:03]} d5 {[%clk 01:30:52]} {[%emt
00:00:09]} 2. Nc3 {[%clk 01:31:16]} {[%emt 00:00:10]} Nf6 {[%clk 01:31:07]}
{[%emt 00:00:16]} 3. Bf4 {[%clk 01:31:33]} {[%emt 00:00:12]} e6 {[%clk
01:31:18]} {[%emt 00:00:20]} 4. Nb5 {[%clk 01:31:49]} {[%emt 00:00:13]} Na6
{[%clk 01:31:38]} {[%emt 00:00:11]} 5. e3 {[%clk 01:32:00]} {[%emt 00:00:18]}
c6 {[%clk 01:31:48]} {[%emt 00:00:21]} 6. Nc3 {[%clk 01:32:14]} {[%emt
00:00:15]} Bb4 {[%clk 01:31:27]} {[%emt 00:00:52]} 7. Bxa6 {[%clk 01:32:25]}
{[%emt 00:00:18]} bxa6 {[%clk 01:31:51]} {[%emt 00:00:08]} 8. Nge2 {[%clk
01:32:32]} {[%emt 00:00:22]} O-O {[%clk 01:32:00]} {[%emt 00:00:22]} 9. O-O
{[%clk 01:31:56]} {[%emt 00:01:05]} Bd6 {[%clk 01:31:10]} {[%emt 00:01:20]} 10.
Na4 {[%clk 01:29:57]} {[%emt 00:02:28]} Rb8 {[%clk 01:30:49]} {[%emt 00:00:52]}
11. Rb1 {[%clk 01:29:27]} {[%emt 00:01:00]} a5 {[%clk 01:31:08]} {[%emt
00:00:11]} 12. Nc5 {[%clk 01:27:51]} {[%emt 00:02:06]} Ne4 {[%clk 01:30:50]}
{[%emt 00:00:48]} 13. Nxe4 {[%clk 01:26:37]} {[%emt 00:01:43]} dxe4 {[%clk
01:31:10]} {[%emt 00:00:10]} 14. Bxd6 {[%clk 01:25:54]} {[%emt 00:01:13]} Qxd6
{[%clk 01:31:31]} {[%emt 00:00:09]} 15. Nc3 {[%clk 01:23:32]} {[%emt 00:02:52]}
f5 {[%clk 01:31:39]} {[%emt 00:00:24]} 16. Qh5 {[%clk 01:23:06]} {[%emt
00:00:54]} Ba6 {[%clk 01:31:55]} {[%emt 00:00:15]} 17. Rfd1 {[%clk 01:21:30]}
{[%emt 00:02:06]} Rf6 {[%clk 01:32:16]} {[%emt 00:00:08]} 18. Nxe4 {[%clk
01:17:05]} {[%emt 00:04:56]} fxe4 {[%clk 01:32:32]} {[%emt 00:00:14]} 19. Qxa5
{[%clk 01:17:24]} {[%emt 00:00:10]} Bb5 {[%clk 01:32:39]} {[%emt 00:00:23]} 20.
a4 {[%clk 01:17:38]} {[%emt 00:00:16]} Bc4 {[%clk 01:33:01]} {[%emt 00:00:08]}
21. b3 {[%clk 01:17:35]} {[%emt 00:00:33]} Rh6 {[%clk 01:32:57]} {[%emt
00:00:35]} 22. h3 {[%clk 01:15:59]} {[%emt 00:02:06]} Be2 {[%clk 01:30:25]}
{[%emt 00:03:02]} 23. Re1 {[%clk 01:14:36]} {[%emt 00:01:52]} Bf3 {[%clk
01:28:52]} {[%emt 00:02:04]} 24. Kf1 {[%clk 01:12:40]} {[%emt 00:02:25]} Qh2
{[%clk 01:29:09]} {[%emt 00:00:13]} 25. gxf3 {[%clk 01:10:02]} {[%emt
00:03:09]} exf3 {[%clk 01:29:32]} {[%emt 00:00:06]} 26. Qg5 {[%clk 01:09:48]}
{[%emt 00:00:44]} Qxh3+ {[%clk 01:29:55]} {[%emt 00:00:07]} 27. Kg1 {[%clk
01:09:06]} {[%emt 00:01:13]} Qh1# {[%clk 01:30:17]} {[%emt 00:00:07]} 0-1

[Event "ODJM C 2024"]
[Site "Willingen GER"]
[Date "2024.05.20"]
[Round "3"]
[White "Rose, Elias Bernd"]
[Black "Nguyen Trung, Atticus"]
[Result "0-1"]
[Termination "normal"]
[Board "8"]
[WhiteElo "1292"]
[BlackElo "1581"]
[WhiteClock "00:06:52"]
[BlackClock "00:08:53"]
[PlyCount "76"]
[WhiteFideId "34665730"]
[BlackFideId "34670041"]
[EventCountry "GER"]
[EventRounds "9"]
[EventType "swiss"]
[EventDate "2024.05.18"]

1. e4 {[%clk 01:30:53]} {[%emt 00:00:07]} e5 {[%clk 01:30:52]} {[%emt
00:00:09]} 2. Nf3 {[%clk 01:31:15]} {[%emt 00:00:07]} Nc6 {[%clk 01:31:09]}
{[%emt 00:00:13]} 3. Bc4 {[%clk 01:31:34]} {[%emt 00:00:12]} Bc5 {[%clk
01:31:17]} {[%emt 00:00:22]} 4. c3 {[%clk 01:31:32]} {[%emt 00:00:32]} Nf6
{[%clk 01:31:00]} {[%emt 00:00:46]} 5. d4 {[%clk 01:29:58]} {[%emt 00:02:05]}
exd4 {[%clk 01:29:59]} {[%emt 00:01:31]} 6. e5 {[%emt 00:02:27]} d5 {[%clk
01:28:36]} {[%emt 00:00:37]} 7. Bb5 {[%clk 01:29:23]} {[%emt 00:00:24]} Ne4
{[%clk 01:24:11]} {[%emt 00:04:52]} 8. cxd4 {[%clk 01:28:51]} {[%emt 00:01:04]}
Bb4+ {[%clk 01:17:12]} {[%emt 00:07:26]} 9. Nbd2 {[%clk 01:28:44]} {[%emt
00:00:40]} Bg4 {[%clk 01:10:30]} {[%emt 00:07:12]} 10. O-O {[%clk 00:59:58]}
{[%emt 00:29:17]} Nxd2 {[%clk 00:57:52]} {[%emt 00:13:07]} 11. Bxd2 {[%clk
00:58:26]} {[%emt 00:02:03]} Bxd2 {[%clk 00:54:48]} {[%emt 00:03:34]} 12. Qxd2
{[%clk 00:58:28]} {[%emt 00:00:28]} Bxf3 {[%clk 00:49:06]} {[%emt 00:06:12]}
13. gxf3 {[%clk 00:57:21]} {[%emt 00:01:37]} O-O {[%emt 00:03:16]} 14. Bxc6
{[%clk 00:57:17]} {[%emt 00:00:19]} bxc6 {[%clk 00:46:08]} {[%emt 00:00:57]}
15. f4 {[%clk 00:53:23]} {[%emt 00:04:24]} Qd7 {[%clk 00:43:07]} {[%emt
00:03:25]} 16. Qd3 {[%clk 00:48:30]} {[%emt 00:05:29]} f6 {[%clk 00:38:26]}
{[%emt 00:05:10]} 17. Qg3 {[%clk 00:45:00]} {[%emt 00:03:54]} fxe5 {[%clk
00:34:06]} {[%emt 00:04:56]} 18. fxe5 {[%clk 00:44:48]} {[%emt 00:00:43]} Rf5
{[%clk 00:31:41]} {[%emt 00:02:53]} 19. f4 {[%clk 00:41:19]} {[%emt 00:04:00]}
Raf8 {[%clk 00:28:18]} {[%emt 00:03:47]} 20. Rf3 {[%clk 00:40:29]} {[%emt
00:01:27]} Qe7 {[%clk 00:22:56]} {[%emt 00:05:46]} 21. Qf2 {[%clk 00:31:17]}
{[%emt 00:09:47]} g5 {[%clk 00:17:37]} {[%emt 00:05:48]} 22. Qc2 {[%clk
00:17:18]} {[%emt 00:14:30]} Rxf4 {[%clk 00:12:35]} {[%emt 00:05:31]} 23. Rd3
{[%clk 00:14:06]} {[%emt 00:03:43]} Qf7 {[%clk 00:12:16]} {[%emt 00:00:45]} 24.
Qe2 {[%clk 00:12:47]} {[%emt 00:01:47]} Rf2 {[%clk 00:11:04]} {[%emt 00:01:43]}
25. Qe1 {[%clk 00:12:02]} {[%emt 00:01:21]} Qf4 {[%clk 00:10:05]} {[%emt
00:01:22]} 26. Rg3 {[%clk 00:10:29]} {[%emt 00:02:09]} Qxd4 {[%clk 00:07:13]}
{[%emt 00:03:23]} 27. Rxg5+ {[%clk 00:06:23]} {[%emt 00:04:36]} Kh8 {[%clk
00:07:41]} {[%emt 00:00:02]} 28. Kh1 {[%clk 00:06:26]} {[%emt 00:00:27]} Qf4
{[%clk 00:06:44]} {[%emt 00:01:24]} 29. Qg1 {[%clk 00:06:05]} {[%emt 00:00:47]}
Rxb2 {[%clk 00:05:37]} {[%emt 00:01:43]} 30. Rf1 {[%clk 00:05:12]} {[%emt
00:01:23]} Rxh2+ {[%clk 00:06:02]} {[%emt 00:00:05]} 31. Qxh2 {[%clk 00:05:31]}
{[%emt 00:00:11]} Qxf1+ {[%clk 00:06:29]} {[%emt 00:00:04]} 32. Rg1 {[%clk
00:05:51]} {[%emt 00:00:10]} Qf3+ {[%clk 00:06:45]} {[%emt 00:00:13]} 33. Rg2
{[%clk 00:06:07]} {[%emt 00:00:14]} Rg8 {[%clk 00:06:54]} {[%emt 00:00:21]} 34.
Qg1 {[%clk 00:05:30]} {[%emt 00:01:07]} Qxg2+ {[%clk 00:07:06]} {[%emt
00:00:18]} 35. Qxg2 {[%clk 00:05:52]} {[%emt 00:00:08]} Rxg2 {[%clk 00:07:34]}
{[%emt 00:00:03]} 36. Kxg2 {[%emt 00:00:12]} Kg7 {[%clk 00:08:01]} 37. Kf3
{[%clk 00:06:33]} {[%emt 00:00:09]} Kf7 {[%clk 00:08:27]} {[%emt 00:00:04]} 38.
Kf4 {[%clk 00:06:52]} {[%emt 00:00:11]} Ke6 {[%clk 00:08:53]} {[%emt 00:00:06]}
0-1

[Event "ODJM C 2024"]
[Site "Willingen GER"]
[Date "2024.05.20"]
[Round "3"]
[White "Polster, Martha"]
[Black "Giss, Annika"]
[Result "1-0"]
[Termination "normal"]
[Board "9"]
[WhiteElo "1281"]
[BlackElo "1642"]
[WhiteClock "00:10:56"]
[BlackClock "00:39:15"]
[PlyCount "79"]
[WhiteFideId "34639845"]
[BlackFideId "34673148"]
[EventCountry "GER"]
[EventRounds "9"]
[EventType "swiss"]
[EventDate "2024.05.18"]

1. e4 {[%clk 01:30:58]} {[%emt 00:00:01]} c5 {[%clk 01:30:54]} {[%emt
00:00:07]} 2. c3 {[%clk 01:31:21]} {[%emt 00:00:06]} Nf6 {[%clk 01:31:16]}
{[%emt 00:00:07]} 3. e5 {[%clk 01:29:24]} {[%emt 00:02:28]} Nd5 {[%clk
01:31:33]} {[%emt 00:00:12]} 4. d4 {[%clk 01:28:46]} {[%emt 00:01:08]} cxd4
{[%clk 01:31:51]} {[%emt 00:00:13]} 5. cxd4 {[%clk 01:27:54]} {[%emt 00:01:23]}
d6 {[%clk 01:30:31]} {[%emt 00:01:49]} 6. Bc4 {[%clk 01:23:45]} {[%emt
00:04:39]} Nb6 {[%clk 01:29:43]} {[%emt 00:01:17]} 7. Qb3 {[%clk 01:22:53]}
{[%emt 00:01:21]} d5 {[%clk 01:27:40]} {[%emt 00:02:35]} 8. Be2 {[%clk
01:17:12]} {[%emt 00:06:08]} e6 {[%clk 01:27:09]} {[%emt 00:01:04]} 9. Nf3
{[%clk 01:15:34]} {[%emt 00:02:05]} Nc6 {[%clk 01:23:41]} {[%emt 00:04:01]} 10.
Nc3 {[%clk 01:12:47]} {[%emt 00:03:17]} Be7 {[%clk 01:20:57]} {[%emt 00:03:14]}
11. O-O {[%clk 01:11:58]} {[%emt 00:01:19]} Bd7 {[%clk 01:20:15]} {[%emt
00:01:12]} 12. Bf4 {[%clk 01:11:10]} {[%emt 00:01:11]} Na5 {[%clk 01:18:07]}
{[%emt 00:02:46]} 13. Qd1 {[%clk 01:10:20]} {[%emt 00:01:14]} Nac4 {[%clk
01:17:19]} {[%emt 00:01:23]} 14. b3 {[%clk 01:07:44]} {[%emt 00:03:06]} Na5
{[%clk 01:17:07]} {[%emt 00:00:42]} 15. Nb5 {[%clk 01:05:19]} {[%emt 00:02:52]}
O-O {[%clk 01:15:22]} {[%emt 00:02:18]} 16. Nd6 {[%clk 01:02:53]} {[%emt
00:02:56]} Nc8 {[%clk 01:13:39]} {[%emt 00:02:13]} 17. Nb5 {[%clk 01:00:11]}
{[%emt 00:03:11]} a6 {[%clk 01:12:14]} {[%emt 00:01:56]} 18. Nc3 {[%clk
00:59:23]} {[%emt 00:01:07]} Nb6 {[%clk 01:11:35]} {[%emt 00:01:18]} 19. Bd3
{[%clk 00:56:42]} {[%emt 00:03:12]} Rc8 {[%clk 01:09:39]} {[%emt 00:02:27]} 20.
Ne2 {[%clk 00:56:23]} {[%emt 00:00:47]} Re8 {[%clk 01:08:59]} {[%emt 00:01:12]}
21. Qd2 {[%clk 00:54:55]} {[%emt 00:01:52]} Nc6 {[%clk 01:07:25]} {[%emt
00:02:09]} 22. Ng5 {[%clk 00:53:29]} {[%emt 00:01:56]} h6 {[%clk 01:05:38]}
{[%emt 00:02:16]} 23. Nf3 {[%clk 00:52:03]} {[%emt 00:01:55]} Nb4 {[%clk
01:04:31]} {[%emt 00:01:40]} 24. Bb1 {[%clk 00:50:54]} {[%emt 00:01:09]} Bb5
{[%clk 01:01:28]} {[%emt 00:04:02]} 25. a4 {[%clk 00:46:00]} {[%emt 00:05:25]}
Bxe2 {[%clk 01:00:36]} {[%emt 00:01:21]} 26. Qxe2 {[%clk 00:46:13]} {[%emt
00:00:18]} Nd7 {[%clk 00:58:23]} {[%emt 00:02:43]} 27. Qd2 {[%clk 00:45:45]}
{[%emt 00:00:55]} Rc6 {[%clk 00:57:22]} {[%emt 00:01:34]} 28. Bxh6 {[%clk
00:42:36]} {[%emt 00:03:40]} g6 {[%clk 00:48:57]} {[%emt 00:08:54]} 29. Ng5
{[%clk 00:38:40]} {[%emt 00:04:08]} Qc7 {[%clk 00:46:43]} {[%emt 00:03:02]} 30.
Nxf7 {[%clk 00:34:02]} {[%emt 00:05:07]} Kxf7 {[%clk 00:43:48]} {[%emt
00:03:25]} 31. Qf4+ {[%clk 00:32:42]} {[%emt 00:01:46]} Bf6 {[%clk 00:42:34]}
{[%emt 00:01:50]} 32. exf6 {[%clk 00:31:57]} {[%emt 00:01:13]} Qxf4 {[%clk
00:42:45]} {[%emt 00:00:21]} 33. Bxf4 {[%clk 00:32:15]} {[%emt 00:00:11]} Kxf6
{[%clk 00:42:42]} {[%emt 00:00:32]} 34. Bd2 {[%clk 00:26:10]} {[%emt 00:06:31]}
Rb6 {[%clk 00:42:23]} {[%emt 00:00:54]} 35. Rc1 {[%clk 00:23:49]} {[%emt
00:02:48]} Nc6 {[%clk 00:41:31]} {[%emt 00:01:25]} 36. Rc3 {[%clk 00:18:00]}
{[%emt 00:06:14]} Nxd4 {[%clk 00:40:55]} {[%emt 00:01:11]} 37. Rc7 {[%clk
00:17:48]} {[%emt 00:00:39]} Nxb3 {[%clk 00:40:14]} {[%emt 00:01:14]} 38. Bc3+
{[%clk 00:10:57]} {[%emt 00:07:20]} Ne5 {[%clk 00:39:43]} {[%emt 00:01:01]} 39.
f4 {[%clk 00:10:46]} {[%emt 00:00:41]} Nxa1 {[%clk 00:39:15]} {[%emt 00:00:59]}
40. Bxe5# {[%clk 00:10:56]} {[%emt 00:00:20]} 1-0

[Event "ODJM C 2024"]
[Site "Willingen GER"]
[Date "2024.05.20"]
[Round "3"]
[White "Gehring, Enja"]
[Black "Lang, Samuel"]
[Result "1/2-1/2"]
[Termination "normal"]
[Board "10"]
[WhiteElo "1440"]
[BlackElo "1268"]
[WhiteClock "00:58:35"]
[BlackClock "01:02:40"]
[PlyCount "75"]
[WhiteFideId "34659803"]
[BlackFideId "34660526"]
[EventCountry "GER"]
[EventRounds "9"]
[EventType "swiss"]
[EventDate "2024.05.18"]

1. e4 {[%clk 01:30:57]} {[%emt 00:00:03]} c5 {[%clk 01:30:55]} {[%emt
00:00:05]} 2. c3 {[%clk 01:31:18]} {[%emt 00:00:08]} e6 {[%clk 01:31:11]}
{[%emt 00:00:16]} 3. d4 {[%clk 01:31:22]} {[%emt 00:00:25]} cxd4 {[%clk
01:31:33]} {[%emt 00:00:08]} 4. cxd4 {[%clk 01:31:44]} {[%emt 00:00:08]} d5
{[%clk 01:31:59]} {[%emt 00:00:04]} 5. e5 {[%clk 01:31:55]} {[%emt 00:00:19]}
Nc6 {[%clk 01:31:20]} {[%emt 00:01:09]} 6. Nf3 {[%clk 01:32:04]} {[%emt
00:00:21]} Be7 {[%clk 01:31:11]} {[%emt 00:00:39]} 7. Be2 {[%clk 01:29:23]}
{[%emt 00:03:11]} f6 {[%clk 01:31:23]} {[%emt 00:00:18]} 8. Bf4 {[%clk
01:28:20]} {[%emt 00:01:33]} Qb6 {[%clk 01:28:50]} {[%emt 00:03:03]} 9. b3
{[%clk 01:25:44]} {[%emt 00:03:07]} Bb4+ {[%clk 01:26:59]} {[%emt 00:02:21]}
10. Nbd2 {[%clk 01:21:45]} {[%emt 00:04:27]} Nxd4 {[%clk 01:26:20]} {[%emt
00:01:09]} 11. Nxd4 {[%clk 01:21:46]} {[%emt 00:00:30]} Qxd4 {[%clk 01:25:55]}
{[%emt 00:00:56]} 12. Be3 {[%clk 01:20:38]} {[%emt 00:01:37]} Qxe5 {[%clk
01:25:39]} {[%emt 00:00:46]} 13. O-O {[%clk 01:19:56]} {[%emt 00:01:12]} Ne7
{[%clk 01:24:09]} {[%emt 00:02:00]} 14. a3 {[%clk 01:19:21]} {[%emt 00:01:05]}
Ba5 {[%clk 01:23:38]} {[%emt 00:01:02]} 15. b4 {[%clk 01:19:39]} {[%emt
00:00:12]} Bc7 {[%clk 01:23:54]} {[%emt 00:00:13]} 16. g3 {[%clk 01:19:58]}
{[%emt 00:00:11]} O-O {[%clk 01:24:05]} {[%emt 00:00:19]} 17. Bf4 {[%clk
01:20:09]} {[%emt 00:00:19]} Qc3 {[%clk 01:23:18]} {[%emt 00:01:16]} 18. Rc1
{[%clk 01:20:16]} {[%emt 00:00:23]} Qxa3 {[%clk 01:23:22]} {[%emt 00:00:28]}
19. Bxc7 {[%clk 01:20:38]} {[%emt 00:00:07]} Qxb4 {[%clk 01:23:25]} {[%emt
00:00:27]} 20. Rb1 {[%clk 01:20:02]} {[%emt 00:01:06]} Qc5 {[%clk 01:20:47]}
{[%emt 00:03:08]} 21. Rc1 {[%clk 01:20:19]} {[%emt 00:00:13]} Qd4 {[%clk
01:20:15]} {[%emt 00:01:01]} 22. Bd6 {[%clk 01:20:21]} {[%emt 00:00:29]} Re8
{[%clk 01:20:30]} {[%emt 00:00:15]} 23. Bb5 {[%clk 01:16:57]} {[%emt 00:03:54]}
Nc6 {[%clk 01:19:29]} {[%emt 00:01:32]} 24. Rxc6 {[%clk 01:14:41]} {[%emt
00:02:45]} bxc6 {[%clk 01:19:29]} {[%emt 00:00:30]} 25. Bxc6 {[%clk 01:15:06]}
{[%emt 00:00:05]} Ba6 {[%clk 01:19:53]} {[%emt 00:00:06]} 26. Re1 {[%clk
01:15:10]} {[%emt 00:00:26]} Red8 {[%clk 01:18:55]} {[%emt 00:01:27]} 27. Bc7
{[%clk 01:14:10]} {[%emt 00:01:30]} Rdc8 {[%clk 01:18:40]} {[%emt 00:00:46]}
28. Bxa8 {[%clk 01:14:21]} {[%emt 00:00:19]} Rxc7 {[%clk 01:18:54]} {[%emt
00:00:16]} 29. Rxe6 {[%clk 01:14:29]} {[%emt 00:00:22]} Bb5 {[%clk 01:14:29]}
{[%emt 00:04:55]} 30. Qe1 {[%clk 01:13:01]} {[%emt 00:01:58]} Kf7 {[%clk
01:13:20]} {[%emt 00:01:39]} 31. Rd6 {[%clk 01:12:30]} {[%emt 00:01:01]} Re7
{[%clk 01:12:44]} {[%emt 00:01:06]} 32. Bxd5+ {[%clk 01:10:15]} {[%emt
00:02:45]} Kf8 {[%clk 01:11:13]} {[%emt 00:02:00]} 33. Qc1 {[%clk 01:07:43]}
{[%emt 00:03:03]} Re2 {[%clk 01:07:11]} {[%emt 00:04:33]} 34. Ne4 {[%clk
01:04:23]} {[%emt 00:03:50]} Rxe4 {[%clk 01:05:19]} {[%emt 00:02:21]} 35. Rxf6+
{[%clk 00:59:42]} {[%emt 00:05:10]} gxf6 {[%clk 01:04:34]} {[%emt 00:01:16]}
36. Qh6+ {[%clk 00:59:43]} {[%emt 00:00:29]} Ke7 {[%clk 01:04:17]} {[%emt
00:00:47]} 37. Qxh7+ {[%clk 00:58:58]} {[%emt 00:01:15]} Kd6 {[%clk 01:02:40]}
{[%emt 00:02:07]} 38. Bxe4 {[%clk 00:58:35]} {[%emt 00:00:51]} 1/2-1/2

[Event "ODJM C 2024"]
[Site "Willingen GER"]
[Date "2024.05.20"]
[Round "3"]
[White "Prokscha, Marlene"]
[Black "Wilke, Finja"]
[Result "1-0"]
[Termination "normal"]
[Board "12"]
[WhiteElo "1230"]
[BlackElo "1055"]
[WhiteClock "00:17:59"]
[BlackClock "00:21:34"]
[PlyCount "143"]
[WhiteFideId "34631291"]
[BlackFideId "16288360"]
[EventCountry "GER"]
[EventRounds "9"]
[EventType "swiss"]
[EventDate "2024.05.18"]

1. d4 {[%clk 01:30:57]} {[%emt 00:00:03]} Nf6 {[%clk 01:30:37]} {[%emt
00:00:23]} 2. Nf3 {[%clk 01:30:53]} {[%emt 00:00:34]} g6 {[%clk 01:29:56]}
{[%emt 00:01:11]} 3. Bf4 {[%clk 01:30:27]} {[%emt 00:00:57]} Bg7 {[%clk
01:26:56]} {[%emt 00:03:29]} 4. e3 {[%clk 01:29:20]} {[%emt 00:01:38]} d6
{[%clk 01:26:17]} {[%emt 00:01:08]} 5. Nbd2 {[%clk 01:28:04]} {[%emt 00:01:47]}
O-O {[%clk 01:25:43]} {[%emt 00:01:03]} 6. Be2 {[%clk 01:27:25]} {[%emt
00:01:09]} Bg4 {[%clk 01:23:09]} {[%emt 00:03:05]} 7. O-O {[%clk 01:25:40]}
{[%emt 00:02:15]} Nbd7 {[%clk 01:23:00]} {[%emt 00:00:38]} 8. h3 {[%clk
01:20:50]} {[%emt 00:05:20]} Bxf3 {[%clk 01:22:18]} {[%emt 00:01:12]} 9. Bxf3
{[%clk 01:15:35]} {[%emt 00:05:46]} c6 {[%clk 01:18:18]} {[%emt 00:04:28]} 10.
Re1 {[%clk 01:14:11]} {[%emt 00:01:56]} e5 {[%clk 01:15:49]} {[%emt 00:02:58]}
11. Bh2 {[%clk 01:11:23]} {[%emt 00:03:18]} Qe7 {[%clk 01:12:03]} {[%emt
00:04:15]} 12. dxe5 {[%clk 01:01:32]} {[%emt 00:10:23]} Nxe5 {[%clk 01:09:07]}
{[%emt 00:03:25]} 13. Rb1 {[%clk 00:51:07]} {[%emt 00:10:56]} Nxf3+ {[%clk
01:07:33]} {[%emt 00:02:03]} 14. Nxf3 {[%clk 00:50:49]} {[%emt 00:00:48]} d5
{[%clk 01:04:56]} {[%emt 00:03:06]} 15. c3 {[%clk 00:42:15]} {[%emt 00:09:06]}
a6 {[%clk 01:01:10]} {[%emt 00:04:15]} 16. Qb3 {[%clk 00:39:00]} {[%emt
00:03:45]} Ne4 {[%clk 00:55:09]} {[%emt 00:06:28]} 17. Rbd1 {[%clk 00:37:10]}
{[%emt 00:02:22]} b5 {[%clk 00:48:22]} {[%emt 00:07:16]} 18. Nd2 {[%clk
00:34:50]} {[%emt 00:02:52]} Nf6 {[%clk 00:44:04]} {[%emt 00:04:46]} 19. Qc2
{[%clk 00:25:54]} {[%emt 00:09:28]} Rfe8 {[%clk 00:43:20]} {[%emt 00:01:14]}
20. b3 {[%clk 00:22:38]} {[%emt 00:03:47]} a5 {[%clk 00:40:03]} {[%emt
00:03:46]} 21. Nf3 {[%clk 00:17:52]} {[%emt 00:05:16]} Ne4 {[%clk 00:39:11]}
{[%emt 00:01:22]} 22. Nd4 {[%clk 00:16:11]} {[%emt 00:02:11]} Ra6 {[%clk
00:37:06]} {[%emt 00:02:36]} 23. f3 {[%clk 00:14:02]} {[%emt 00:02:39]} Nf6
{[%clk 00:35:13]} {[%emt 00:02:22]} 24. Re2 {[%clk 00:12:00]} {[%emt 00:02:32]}
c5 {[%clk 00:34:55]} {[%emt 00:00:48]} 25. Nxb5 {[%clk 00:12:08]} {[%emt
00:00:22]} c4 {[%clk 00:30:24]} {[%emt 00:05:01]} 26. Nc7 {[%clk 00:11:51]}
{[%emt 00:00:47]} Ra7 {[%clk 00:23:32]} {[%emt 00:07:23]} 27. Nxe8 {[%clk
00:12:00]} {[%emt 00:00:20]} Qxe8 {[%clk 00:23:25]} {[%emt 00:00:37]} 28. bxc4
{[%clk 00:12:17]} {[%emt 00:00:13]} dxc4 {[%clk 00:23:41]} {[%emt 00:00:14]}
29. Qd2 {[%clk 00:11:54]} {[%emt 00:00:53]} Rd7 {[%clk 00:23:13]} {[%emt
00:00:58]} 30. Qc2 {[%clk 00:11:25]} {[%emt 00:00:59]} Nd5 {[%clk 00:20:42]}
{[%emt 00:03:02]} 31. Ree1 {[%clk 00:08:58]} {[%emt 00:02:56]} Bxc3 {[%clk
00:18:32]} {[%emt 00:02:39]} 32. Re2 {[%clk 00:08:49]} {[%emt 00:00:40]} Bf6
{[%clk 00:16:37]} {[%emt 00:02:25]} 33. Qxc4 {[%clk 00:08:25]} {[%emt
00:00:54]} Nc3 {[%clk 00:15:43]} {[%emt 00:01:24]} 34. Rxd7 {[%clk 00:08:17]}
{[%emt 00:00:38]} Qxd7 {[%clk 00:15:50]} {[%emt 00:00:24]} 35. Re1 {[%clk
00:08:21]} {[%emt 00:00:25]} Qd2 {[%clk 00:15:33]} {[%emt 00:00:46]} 36. Bg3
{[%clk 00:07:10]} {[%emt 00:01:42]} Nd5 {[%clk 00:13:05]} {[%emt 00:02:58]} 37.
Qe2 {[%clk 00:07:00]} {[%emt 00:00:41]} Qb4 {[%clk 00:12:37]} {[%emt 00:00:55]}
38. Rd1 {[%clk 00:06:45]} {[%emt 00:00:47]} Nc3 {[%clk 00:12:46]} {[%emt
00:00:20]} 39. Qd2 {[%clk 00:06:13]} {[%emt 00:01:03]} Qc5 {[%clk 00:11:18]}
{[%emt 00:01:44]} 40. Re1 {[%clk 00:05:03]} {[%emt 00:01:53]} Qc4 {[%clk
00:10:24]} {[%emt 00:01:24]} 41. a3 {[%clk 00:02:41]} {[%emt 00:02:53]} Be7
{[%clk 00:10:07]} {[%emt 00:00:46]} 42. Qd7 {[%clk 00:01:53]} {[%emt 00:01:19]}
Bxa3 {[%clk 00:09:43]} {[%emt 00:00:54]} 43. Qd8+ {[%clk 00:01:48]} {[%emt
00:00:34]} Bf8 {[%clk 00:09:48]} {[%emt 00:00:26]} 44. Qxa5 {[%clk 00:01:44]}
{[%emt 00:00:34]} Ne2+ {[%clk 00:09:57]} {[%emt 00:00:21]} 45. Kf2 {[%clk
00:01:31]} {[%emt 00:00:39]} Nxg3 {[%clk 00:09:25]} {[%emt 00:01:05]} 46. Kxg3
{[%clk 00:01:20]} {[%emt 00:00:41]} Bd6+ {[%clk 00:08:47]} {[%emt 00:01:08]}
47. f4 {[%clk 00:01:12]} {[%emt 00:00:39]} h6 {[%clk 00:06:39]} {[%emt
00:02:38]} 48. Qd8+ {[%clk 00:00:36]} {[%emt 00:01:05]} Bf8 {[%clk 00:06:44]}
{[%emt 00:00:26]} 49. Qd4 {[%clk 00:00:36]} {[%emt 00:00:30]} Qe6 {[%clk
00:05:47]} {[%emt 00:01:26]} 50. e4 {[%clk 00:30:08]} {[%emt 00:00:59]} Bg7
{[%clk 00:35:30]} {[%emt 00:00:45]} 51. Qd5 {[%clk 00:29:53]} {[%emt 00:00:46]}
Qe7 {[%clk 00:34:03]} {[%emt 00:01:54]} 52. e5 {[%clk 00:29:31]} {[%emt
00:00:55]} Qc7 {[%clk 00:32:41]} {[%emt 00:01:44]} 53. Re3 {[%clk 00:27:27]}
{[%emt 00:02:43]} Kh7 {[%clk 00:31:23]} {[%emt 00:01:47]} 54. Qd6 {[%clk
00:26:34]} {[%emt 00:01:22]} Qc1 {[%clk 00:30:50]} {[%emt 00:01:05]} 55. Qa3
{[%clk 00:26:14]} {[%emt 00:00:51]} Qc2 {[%clk 00:30:12]} {[%emt 00:01:06]} 56.
e6 {[%clk 00:25:16]} {[%emt 00:01:29]} fxe6 {[%clk 00:30:06]} {[%emt 00:00:35]}
57. Rxe6 {[%clk 00:25:24]} {[%emt 00:00:22]} Qf5 {[%clk 00:30:13]} {[%emt
00:00:21]} 58. Re7 {[%clk 00:24:21]} {[%emt 00:01:36]} g5 {[%clk 00:29:49]}
{[%emt 00:00:52]} 59. Qb4 {[%clk 00:22:47]} {[%emt 00:02:03]} Kg6 {[%clk
00:28:32]} {[%emt 00:01:48]} 60. Qe4 {[%clk 00:21:44]} {[%emt 00:01:35]} Bf6
{[%clk 00:27:14]} {[%emt 00:01:48]} 61. Qxf5+ {[%clk 00:21:12]} {[%emt
00:01:02]} Kxf5 {[%clk 00:27:20]} {[%emt 00:00:24]} 62. Rb7 {[%clk 00:20:26]}
{[%emt 00:01:16]} h5 {[%clk 00:26:20]} {[%emt 00:01:30]} 63. Rb5+ {[%clk
00:19:49]} {[%emt 00:01:06]} Kg6 {[%clk 00:26:30]} {[%emt 00:00:20]} 64. f5+
{[%clk 00:19:14]} {[%emt 00:01:06]} Kh7 {[%clk 00:26:24]} {[%emt 00:00:34]} 65.
Rb6 {[%clk 00:19:06]} {[%emt 00:00:40]} Bd8 {[%clk 00:26:06]} {[%emt 00:00:48]}
66. Rc6 {[%clk 00:18:42]} {[%emt 00:00:54]} Kg7 {[%clk 00:26:06]} {[%emt
00:00:29]} 67. Kf3 {[%clk 00:18:22]} {[%emt 00:00:50]} Kf7 {[%clk 00:23:10]}
{[%emt 00:03:26]} 68. g4 {[%clk 00:17:58]} {[%emt 00:00:54]} h4 {[%clk
00:23:15]} {[%emt 00:00:26]} 69. Ke4 {[%clk 00:18:02]} {[%emt 00:00:26]} Bf6
{[%clk 00:22:37]} {[%emt 00:01:07]} 70. Kd5 {[%clk 00:17:53]} {[%emt 00:00:40]}
Bd8 {[%clk 00:22:13]} {[%emt 00:00:54]} 71. Ke5 {[%clk 00:17:59]} {[%emt
00:00:21]} Bf6+ {[%clk 00:21:34]} {[%emt 00:00:39]} 72. Ke4 {[%emt 00:01:32]}
1-0